Précis historique et chronologique des événemens militaires de la campagne contre les Turcs, jusqu'à la prise de Varna, en 1828 (Запись № 13379963)

Подробности
000 -МАРКЕР
контрольное поле 02251nam0a2200397 4500
001 - ИДЕНТИФИКАТОР ЗАПИСИ
контрольное поле RU\NLR\BIBL_A\022487098
005 - ИДЕНТИФИКАТОР ВЕРСИИ
контрольное поле 20260408084259.0
035 ## - ДРУГИЕ СИСТЕМНЫЕ НОМЕРА
Идентификатор записи (NLR Aleph) 022487098
100 ## - ДАННЫЕ ОБЩЕЙ ОБРАБОТКИ
Данные общей обработки 20250312d1828 |||y0rusy50 ca
101 0# - ЯЗЫК РЕСУРСА
Язык текста, звукозаписи и т.д. французский
102 ## - СТРАНА ПУБЛИКАЦИИ ИЛИ ПРОИЗВОДСТВА
Страна публикации российская федерация
140 ## - ПОЛЕ КОДИРОВАННЫХ ДАННЫХ: СТАРОПЕЧАТНЫЕ ИЗДАНИЯ - ОБЩАЯ ИНФОРМАЦИЯ
Кодированные данные о старопечатном издании - Основные bf y |||||||| ya 1100
200 1# - ЗАГЛАВИЕ И СВЕДЕНИЯ ОБ ОТВЕТСТВЕННОСТИ
Основное заглавие Précis historique et chronologique des événemens militaires de la campagne contre les Turcs, jusqu'à la prise de Varna, en 1828
210 ## - ПУБЛИКАЦИЯ, РАСПРОСТРАНЕНИЕ И ДР.
Место издания, распространения и т.д. Moscou [Moskva]
Имя издателя, распространителя и т. д. de l'imprimerie d'Auguste Semen
Дата издания, распространения и т.д. 1828
215 ## - ФИЗИЧЕСКАЯ ХАРАКТЕРИСТИКА
Специфическое обозначение материала и объем 53, [1] с.
Размеры 8° (20 см)
304 ## - ПРИМЕЧАНИЯ, ОТНОСЯЩИЕСЯ К ЗАГЛАВИЮ И СВЕДЕНИЯМ ОБ ОТВЕТСТВЕННОСТИ
Текст примечания Авт.: A. Spada. Указ. на с. 4
307 ## - ПРИМЕЧАНИЯ, ОТНОСЯЩИЕСЯ К ФИЗИЧЕСКОМУ ОПИСАНИЮ
Текст примечания Тип. марка. Виньетки. Концовка
316 ## - ПРИМЕЧАНИЯ ОБ ОСОБЕННОСТЯХ ЭКЗЕМПЛЯРА
Текст примечания Экз. РНБ (13.8.4.101): Зеленый кожан. пер. с золотым тиснением. Золотой обрез. Рукоп. пометы (подчеркивания). Припл. 1 кн.
Организация и экземпляр, к которому относится поле NLR: 13.8.4.101
317 ## - ПРИМЕЧАНИЯ О ПРОИСХОЖДЕНИИ ЭКЗЕМПЛЯРА
Текст примечания Экз. РНБ (13.8.4.101): Экслибрис: Императорская Эрмитажная иностранная библіотека
Организация и экземпляр, к которому относится поле NLR: 13.8.4.101
540 1# - ДОПОЛНИТЕЛЬНОЕ ЗАГЛАВИЕ, ПРИМЕНЯЕМОЕ КАТАЛОГИЗАТОРОМ
Заглавие Историко-хронологическое изложение военных событий похода против турок до взятия Варны в 1828 году
606 1# - НАИМЕНОВАНИЕ ТЕМЫ КАК ПРЕДМЕТ
Наименование темы Русско-турецкая война
Формальный подзаголовок Источники и источниковедение
Хронологический подзаголовок 1828 - 1829
Системный номер авторитетной/нормативной записи 2266386
Идентификатор авторитетной/нормативной записи RU\NLR\AUTH\661358586
620 ## - МЕСТО И ДАТА ПУБЛИКАЦИИ, ИСПОЛНЕНИЯ И Т. Д.
Город Moskva
686 3# - ИНДЕКСЫ ДРУГИХ КЛАССИФИКАЦИЙ
Индекс Т3(2)472-683,01
686 3# - ИНДЕКСЫ ДРУГИХ КЛАССИФИКАЦИЙ
Индекс Ц35(2)471.9,01
700 #1 - ИМЯ ЛИЦА - ПЕРВИЧНАЯ ОТВЕТСТВЕННОСТЬ
Код отношения Автор
Графика поля Латинская
Материалы, к которым относится поле rus
Начальный элемент ввода Spada
Часть имени, кроме начального элемента ввода A. F.
Дополнения к именам, кроме дат историк, цензор, библиотекарь
Даты ок.1779-1843
Расширение инициалов личного имени Anton Francevič
Системный номер авторитетной/нормативной записи 237420
Идентификатор авторитетной/нормативной записи RU\NLR\AUTH\770237476
702 #1 - ИМЯ ЛИЦА - ВТОРИЧНАЯ ОТВЕТСТВЕННОСТЬ
Начальный элемент ввода Semen
Часть имени, кроме начального элемента ввода A.
Даты 1783-1862
Расширение инициалов личного имени Auguste
Код отношения Печатник (типограф)
712 02 - НАИМЕНОВАНИЕ ОРГАНИЗАЦИИ - ВТОРИЧНАЯ ОТВЕТСТВЕННОСТЬ
Код отношения Бывший владелец
Начальный элемент ввода Эрмитаж
Идентифицирующий признак Петербург
Структурное подразделение Библиотека
Идентификатор авторитетной/нормативной записи RU\NLR\AUTH\8810185935
Системный номер авторитетной/нормативной записи 866833
852 ## - МЕСТОНАХОЖДЕНИЕ И ШИФР ХРАНЕНИЯ
Идентификатор организации NLR
Наименование фонда или коллекции (Sub-Location Identifier) Rossica
Шифр хранения (Call Number) 13.8.4.101
942 ## - ДОПОЛНИТЕЛЬНЫЕ ЭЛЕМЕНТЫ ЗАПИСИ (АБИС)
Тип экземпляра АБИС Книга
980 ## - КОЛЛЕКЦИЯ
Название коллекции Национальная библиография
980 ## - КОЛЛЕКЦИЯ
Название коллекции Иностранная рекаталогизация: 17-19 век

Нет доступных экземпляров.